[Event "Madrid San Viator op 21st"]
[Site "Madrid"]
[Date "2013.10.13"]
[Round "4"]
[White "Hernandez Mateo, Borja"]
[Black "Guillo Longares, Cecilia"]
[Result "1-0"]
[WhiteElo "1805"]
[BlackElo "1376"]
[PlyCount "69"]
[EventDate "2013.09.29"]
[EventType "swiss"]
[EventRounds "9"]
[EventCountry "ESP"]
[SourceTitle "EXT 2015"]
[Source "ChessBase"]
[SourceDate "2014.11.20"]
[SourceVersion "1"]
[SourceVersionDate "2014.11.20"]
[SourceQuality "1"]

1. e4 c5 2. c3 Nf6 3. e5 Nd5 4. d4 cxd4 5. cxd4 g6 6. Bc4 Nb6 7. Bb3 Bg7 8. Nf3 Nc6 9. Bf4 0-0 10. 0-0 d6 11. h3 Bf5 12. Nc3 Na5 13. Bc2 Bxc2 14. Qxc2 Rc8 15. Qe2 Nc6 16. Rfd1 Qc7 17. Nb5 Qd7 18. exd6 exd6 19. Nxd6 Rcd8 20. Rac1 Nc8 21. Nxc8 Qxc8 22. d5 Qf5 23. dxc6 Qxf4 24. cxb7 Rb8 25. Qb5 Bh6 26. Rc4 Qf6 27. Ne5 Qf5 28. Rc5 Qh5 29. Re1 Bd2 30. Nd7 Qxc5 31. Qxc5 Bxe1 32. Nxb8 Rxb8 33. Qc8+ Rxc8 34. bxc8Q+ Kg7 35. Qc5 1-0

[Event "Madrid San Viator op 20th"]
[Site "Madrid"]
[Date "2013.05.19"]
[Round "6"]
[White "Solaesa Navalpotro, Luis Julio"]
[Black "Hernandez Mateo, Borja"]
[Result "1-0"]
[WhiteElo "2249"]
[BlackElo "1789"]
[PlyCount "83"]
[EventDate "2013.04.07"]
[EventType "swiss"]
[EventRounds "9"]
[EventCountry "ESP"]
[SourceTitle "EXT 2014"]
[Source "ChessBase"]
[SourceDate "2013.11.20"]
[SourceVersion "1"]
[SourceVersionDate "2013.11.20"]
[SourceQuality "1"]

1. d4 d5 2. c4 e6 3. Nc3 Nf6 4. cxd5 exd5 5. Bg5 Be7 6. e3 0-0 7. Bd3 Nbd7 8. Nge2 h6 9. Bf4 c6 10. h3 Re8 11. Qc2 Nf8 12. 0-0-0 Bd6 13. g4 g5 14. Bxd6 Qxd6 15. Ng3 Bd7 16. Bf5 Ne6 17. h4 Ng7 18. hxg5 hxg5 19. Rh6 Bc8 20. Bxc8 Raxc8 21. Nf5 Qe6 22. Rdh1 Nxf5 23. gxf5 Qe7 24. Qd1 Kg7 25. Qg1 g4 26. Qh2 Rg8 27. Qh4 g3 28. Rg1 Kf8 29. Rxg3 Rxg3 30. Qxg3 Ke8 31. Qg5 Nd7 32. Rh8+ Nf8 33. f6 Qd6 34. Qg7 c5 35. Qg5 cxd4 36. exd4 Rc4 37. Kb1 Qb6 38. Qh6 Qb4 39. a3 Qd6 40. Nb5 Qb6 41. Qxf8+ Kd7 42. Qe8# 1-0

[Event "Madrid San Viator op 20th"]
[Site "Madrid"]
[Date "2013.05.12"]
[Round "5"]
[White "Camarero Izquierdo, Juan Carlos"]
[Black "Hernandez Mateo, Borja"]
[Result "0-1"]
[WhiteElo "1934"]
[BlackElo "1789"]
[PlyCount "106"]
[EventDate "2013.04.07"]
[EventType "swiss"]
[EventRounds "9"]
[EventCountry "ESP"]
[SourceTitle "EXT 2014"]
[Source "ChessBase"]
[SourceDate "2013.11.20"]
[SourceVersion "1"]
[SourceVersionDate "2013.11.20"]
[SourceQuality "1"]

1. d4 d5 2. Nc3 Nf6 3. Bg5 Nbd7 4. Nf3 g6 5. Qd2 Ne4 6. Qe3 Nxg5 7. Nxg5 Nf6 8. f4 Bg7 9. 0-0-0 Qd6 10. Qe5 Qc6 11. e4 Nh5 12. Qxd5 Qf6 13. g3 h6 14. e5 Qf5 15. Bd3 Nxf4 16. Bxf5 Nxd5 17. Nxd5 Bxf5 18. Nxc7+ Kd7 19. Nxa8 hxg5 20. h3 Rxa8 21. g4 Be4 22. Rhe1 Bd5 23. b3 b5 24. Kb2 e6 25. Rf1 Ke8 26. Rf2 Rc8 27. Rdf1 Rc7 28. c3 a5 29. a3 Bf8 30. Rc1 Be7 31. a4 bxa4 32. c4 a3+ 33. Kc3 Bb4+ 34. Kd3 Bc6 35. Rfc2 a4 36. bxa4 Bxa4 37. Rf2 Bb3 38. c5 a2 39. Ra1 Bd5 40. Rb2 Ba3 41. Rb8+ Ke7 42. Kc3 Ra7 43. Rb6 Bc1 44. c6 Be3 45. Kd3 Ra3+ 46. Kc2 Bxd4 47. Rb7+ Kd8 48. Rb2 Bxb2 49. Kxb2 Rb3+ 50. Kxa2 Rb5+ 51. Ka3 Ra5+ 52. Kb2 Rxa1 53. Kxa1 Bg2 0-1

[Event "Madrid San Viator op 19th"]
[Site "Madrid"]
[Date "2012.11.18"]
[Round "9"]
[White "Hernandez Mateo, Borja"]
[Black "Lopez de Turiso, Jose Angel"]
[Result "1/2-1/2"]
[WhiteElo "1719"]
[BlackElo "2046"]
[PlyCount "96"]
[EventDate "2012.09.23"]
[EventType "swiss"]
[EventRounds "9"]
[EventCountry "ESP"]
[SourceTitle "EXT 2013"]
[Source "ChessBase"]
[SourceDate "2012.11.22"]
[SourceVersion "1"]
[SourceVersionDate "2012.11.22"]
[SourceQuality "1"]

1. e4 e6 2. d3 c5 3. g3 Nc6 4. Bg2 g6 5. Nc3 Bg7 6. Nge2 Nge7 7. 0-0 d6 8. Kh1 a6 9. f4 b5 10. Be3 b4 11. Na4 Bd7 12. e5 Nxe5 13. fxe5 Bxa4 14. exd6 Nd5 15. Bxd5 exd5 16. Bxc5 Bd7 17. d4 a5 18. Nf4 0-0 19. Qf3 Bf5 20. Nxd5 Bxc2 21. Rae1 Ra6 22. Qe2 Qa8 23. Qxc2 Qxd5+ 24. Qe4 Rxd6 25. Bxd6 Qxd6 26. Rd1 Rd8 27. Qf4 Qd5+ 28. Qf3 Qxa2 29. b3 Rd7 30. Ra1 Qb2 31. Qa8+ Bf8 32. Qf3 Qxd4 33. Rfd1 Qa7 34. Rxd7 Qxd7 35. Rxa5 Kg7 36. Qd5 Qxd5+ 37. Rxd5 h5 38. Kg2 Kf6 39. Kf3 Ke6 40. Rb5 Bd6 41. Ke4 f6 42. Rb6 g5 43. Rb7 f5+ 44. Ke3 h4 45. gxh4 gxh4 46. Rh7 Bxh2 47. Rxh4 Bd6 48. Rc4 Kd5 1/2-1/2

[Event "Madrid San Viator op 19th"]
[Site "Madrid"]
[Date "2012.11.04"]
[Round "7"]
[White "Pindado Campos, Raul"]
[Black "Hernandez Mateo, Borja"]
[Result "0-1"]
[WhiteElo "1928"]
[BlackElo "1719"]
[PlyCount "68"]
[EventDate "2012.09.23"]
[EventType "swiss"]
[EventRounds "9"]
[EventCountry "ESP"]
[SourceTitle "EXT 2013"]
[Source "ChessBase"]
[SourceDate "2012.11.22"]
[SourceVersion "1"]
[SourceVersionDate "2012.11.22"]
[SourceQuality "1"]

1. d4 d5 2. c4 e6 3. Nc3 Nf6 4. Bg5 Be7 5. e3 Nbd7 6. Nf3 0-0 7. Bd3 dxc4 8. Bxc4 b6 9. Qc2 Bb7 10. Bd3 Rc8 11. Bxf6 Nxf6 12. Ng5 h6 13. Nge4 Nxe4 14. Bxe4 Bxe4 15. Qxe4 c5 16. Rd1 cxd4 17. exd4 Bb4 18. Rd3 Qg5 19. 0-0 Qa5 20. Qf3 Bxc3 21. bxc3 Qxa2 22. Qg4 Qd5 23. Rg3 g6 24. f4 Rxc3 25. Rd1 Rxg3 26. Qxg3 Rc8 27. h3 Qe4 28. Kh2 Rc4 29. Qf2 Kg7 30. h4 b5 31. Kh1 Qc2 32. Rd2 Qb1+ 33. Kh2 Rc1 34. Qg3 Rh1# 0-1

[Event "Madrid Oliver Gonzalez Memorial-B 3rd"]
[Site "Madrid"]
[Date "2012.09.08"]
[Round "8"]
[White "Serrano Leiva, Ana"]
[Black "Hernandez Mateo, Borja"]
[Result "1/2-1/2"]
[WhiteElo "1539"]
[BlackElo "1719"]
[PlyCount "81"]
[EventDate "2012.09.01"]
[EventType "swiss"]
[EventRounds "9"]
[EventCountry "ESP"]
[SourceTitle "CBM 150 Extra"]
[Source "ChessBase"]
[SourceDate "2012.10.19"]
[SourceVersion "1"]
[SourceVersionDate "2012.10.19"]
[SourceQuality "1"]

1. e4 c5 2. Nf3 d6 3. d4 cxd4 4. Nxd4 Nf6 5. Nc3 e5 6. Nb3 a6 7. Be2 Be7 8. 0-0 Be6 9. Kh1 Nbd7 10. f4 b5 11. f5 Bxb3 12. axb3 0-0 13. Bf3 h6 14. Be3 Qc7 15. g4 b4 16. Ne2 Nh7 17. Ng1 Rfc8 18. Rf2 Nc5 19. Nh3 Qc6 20. Qd5 Qxd5 21. exd5 Bh4 22. Re2 Nd7 23. Nf2 Ndf6 24. Ne4 Nxe4 25. Bxe4 Nf6 26. Bf3 e4 27. Bg2 Nxg4 28. Bf4 Rd8 29. Bxe4 Bf6 30. Rg2 Ne5 31. Bxh6 Nd7 32. Bxg7 Bxg7 33. Rag1 Nf6 34. Rxg7+ Kf8 35. Bf3 Rac8 36. R7g2 Rc5 37. Rd2 Rdc8 38. Rgg2 Ra5 39. Rd1 Rac5 40. Rc1 Nxd5 41. Re2 1/2-1/2

[Event "Madrid Oliver Gonzalez Memorial-B 3rd"]
[Site "Madrid"]
[Date "2012.09.03"]
[Round "3"]
[White "Rives Higueras, Alan"]
[Black "Hernandez Mateo, Borja"]
[Result "1/2-1/2"]
[WhiteElo "1959"]
[BlackElo "1719"]
[PlyCount "62"]
[EventDate "2012.09.01"]
[EventType "swiss"]
[EventRounds "9"]
[EventCountry "ESP"]
[SourceTitle "CBM 150 Extra"]
[Source "ChessBase"]
[SourceDate "2012.10.19"]
[SourceVersion "1"]
[SourceVersionDate "2012.10.19"]
[SourceQuality "1"]

1. e4 c5 2. Nf3 d6 3. d4 cxd4 4. Nxd4 Nf6 5. Nc3 a6 6. Be2 e5 7. Nf3 Be7 8. Be3 b5 9. Nd5 Nbd7 10. Nxe7 Qxe7 11. Qd3 Bb7 12. Nd2 Nc5 13. Bxc5 dxc5 14. a4 Rd8 15. Qe3 b4 16. f3 Nh5 17. g3 Rc8 18. Nc4 Rc7 19. Kf2 0-0 20. Rhd1 Nf6 21. Nd6 Rc6 22. Nf5 Qc7 23. Bc4 g6 24. Qg5 Rb6 25. Ke3 Bc8 26. Nh6+ Kg7 27. Rd2 Rd6 28. Rad1 Rxd2 29. Rxd2 Nh5 30. Nf5+ Bxf5 31. exf5 Nf6 1/2-1/2

[Event "Tres Cantos op 4th"]
[Site "Tres Cantos"]
[Date "2012.06.28"]
[Round "8"]
[White "Guerrero Villanueva, David"]
[Black "Hernandez Mateo, Borja"]
[Result "1-0"]
[WhiteElo "2021"]
[BlackElo "1719"]
[PlyCount "53"]
[EventDate "2012.06.21"]
[EventType "swiss"]
[EventRounds "9"]
[EventCountry "ESP"]
[SourceTitle "CBM 149 Extra"]
[Source "ChessBase"]
[SourceDate "2012.08.24"]
[SourceVersion "1"]
[SourceVersionDate "2012.08.24"]
[SourceQuality "1"]

1. e4 c5 2. c3 Nf6 3. e5 Nd5 4. d4 cxd4 5. cxd4 e6 6. Nc3 Nxc3 7. bxc3 d5 8. Bd3 Nc6 9. Nf3 Be7 10. Bc2 b6 11. 0-0 Ba6 12. Re1 0-0 13. Nd2 Re8 14. Re3 Bf8 15. Bxh7+ Kxh7 16. Qh5+ Kg8 17. Rh3 f6 18. exf6 Qxf6 19. Qh7+ Kf7 20. Rf3 Be7 21. Rxf6+ Bxf6 22. Qh5+ g6 23. Qh7+ Bg7 24. Qh4 Rh8 25. Qf4+ Bf6 26. Nf3 Rh5 27. g4 1-0

[Event "San Sebastian de los Reyes op 13th"]
[Site "San Sebastian"]
[Date "2011.12.10"]
[Round "9"]
[White "Hernandez Ramos, David"]
[Black "Hernandez Mateo, Borja"]
[Result "0-1"]
[WhiteElo "1574"]
[BlackElo "1713"]
[PlyCount "106"]
[EventDate "2011.12.02"]
[EventType "swiss"]
[EventRounds "9"]
[EventCountry "ESP"]
[SourceTitle "CBM 145 Extra"]
[Source "ChessBase"]
[SourceDate "2012.01.03"]
[SourceVersion "1"]
[SourceVersionDate "2012.01.03"]
[SourceQuality "1"]

1. e4 c5 2. Nf3 d6 3. d4 cxd4 4. Nxd4 Nf6 5. Nc3 a6 6. Bg5 e6 7. Bd3 Be7 8. Qd2 0-0 9. 0-0 b5 10. a3 Bb7 11. Kh1 h6 12. Bxf6 Bxf6 13. Nb3 Nd7 14. Rab1 Rc8 15. Ne2 d5 16. exd5 Bxd5 17. Nbc1 Qc7 18. c3 Qb7 19. f3 Bg5 20. Qd1 Ne5 21. Ng3 Nxd3 22. Nxd3 Rfd8 23. Qc2 a5 24. b4 Bc4 25. Rfd1 Bxd3 26. Rxd3 Rxd3 27. Qxd3 Rd8 28. Qe4 Qd7 29. Qe2 axb4 30. cxb4 Qd3 31. Qxd3 Rxd3 32. Ne4 Be7 33. Ra1 f5 34. Nf2 Rb3 35. Kg1 Bf6 36. Rc1 Rxa3 37. Rb1 Bc3 38. Kf1 Ra7 39. Nd3 Rd7 40. Ke2 Kf7 41. Rb3 Bf6 42. f4 Rd4 43. Ke3 Re4+ 44. Kf3 g5 45. g3 g4+ 46. Kf2 Bd4+ 47. Kf1 Kf6 48. Ra3 Re3 49. Rb3 Rf3+ 50. Kg2 Ke7 51. h3 h5 52. hxg4 hxg4 53. Nc1 Rf2+ 0-1

[Event "San Sebastian de los Reyes op 13th"]
[Site "San Sebastian"]
[Date "2011.12.08"]
[Round "7"]
[White "Cavalle Pulla, Daniel"]
[Black "Hernandez Mateo, Borja"]
[Result "1-0"]
[WhiteElo "1997"]
[BlackElo "1713"]
[PlyCount "79"]
[EventDate "2011.12.02"]
[EventType "swiss"]
[EventRounds "9"]
[EventCountry "ESP"]
[SourceTitle "CBM 145 Extra"]
[Source "ChessBase"]
[SourceDate "2012.01.03"]
[SourceVersion "1"]
[SourceVersionDate "2012.01.03"]
[SourceQuality "1"]

1. e4 c5 2. Nc3 Nc6 3. Bb5 Nf6 4. f4 Nd4 5. Bc4 b5 6. Bxb5 Nxb5 7. Nxb5 Nxe4 8. Qe2 Bb7 9. Nf3 a6 10. Nc3 Nxc3 11. dxc3 e6 12. 0-0 Be7 13. Be3 0-0 14. Rad1 Qc7 15. c4 Rfd8 16. f5 Bf6 17. c3 exf5 18. Qf2 d6 19. Bf4 Rd7 20. Rfe1 Rad8 21. Qg3 Qa5 22. a3 Qb6 23. Rxd6 Rxd6 24. Bxd6 Qc6 25. Be5 Bxe5 26. Qxe5 g6 27. Qe7 Qd6 28. Kf2 Bxf3 29. Qxd6 Rxd6 30. Kxf3 Rd2 31. b4 cxb4 32. axb4 Rd8 33. b5 Rc8 34. bxa6 Rxc4 35. Ra1 Rxc3+ 36. Kf4 Rc8 37. a7 Ra8 38. Ke5 Kf8 39. Kd6 Ke8 40. Rb1 1-0

[Event "San Sebastian de los Reyes op 13th"]
[Site "San Sebastian"]
[Date "2011.12.06"]
[Round "5"]
[White "Montero Garcia, Francisco Javier"]
[Black "Hernandez Mateo, Borja"]
[Result "1-0"]
[WhiteElo "1935"]
[BlackElo "1713"]
[PlyCount "59"]
[EventDate "2011.12.02"]
[EventType "swiss"]
[EventRounds "9"]
[EventCountry "ESP"]
[SourceTitle "CBM 145 Extra"]
[Source "ChessBase"]
[SourceDate "2012.01.03"]
[SourceVersion "1"]
[SourceVersionDate "2012.01.03"]
[SourceQuality "1"]

1. d4 d5 2. Nf3 Nf6 3. c4 e6 4. g3 b6 5. Bg2 Bb7 6. 0-0 Nbd7 7. Qc2 Be7 8. Rd1 0-0 9. b3 c5 10. Nc3 Rc8 11. dxc5 bxc5 12. e3 Nb6 13. Bb2 a6 14. Rac1 Qc7 15. cxd5 exd5 16. Ne2 Ne4 17. Be5 Bd6 18. Bxd6 Nxd6 19. Ng5 g6 20. Nf4 h6 21. Ngh3 Ne4 22. Nxd5 Nxd5 23. Bxe4 Nb4 24. Qb1 Bxe4 25. Qxe4 Nxa2 26. Rc4 Rfd8 27. Rxd8+ Qxd8 28. Nf4 Qd6 29. Qc2 Nb4 30. Rxb4 1-0

[Event "Madrid Oliver Gonzalez Memorial 2nd"]
[Site "Madrid"]
[Date "2011.10.09"]
[Round "2"]
[White "Suarez Uriel, Adrian"]
[Black "Hernandez Mateo, Borja"]
[Result "1-0"]
[WhiteElo "2197"]
[BlackElo "1746"]
[PlyCount "41"]
[EventDate "2011.10.08"]
[EventType "swiss"]
[EventRounds "9"]
[EventCountry "ESP"]
[SourceTitle "CBM 144 Extra"]
[Source "ChessBase"]
[SourceDate "2011.10.28"]
[SourceVersion "1"]
[SourceVersionDate "2011.10.28"]
[SourceQuality "1"]

1. d4 d5 2. c4 e5 3. dxe5 d4 4. a3 Nc6 5. Nf3 Nge7 6. e3 Bg4 7. h3 Bxf3 8. Qxf3 Ng6 9. Qe4 Be7 10. f4 Bh4+ 11. Ke2 dxe3 12. Bxe3 0-0 13. Nc3 f5 14. Qd5+ Kh8 15. Qxd8 Raxd8 16. Nd5 Nge7 17. Nxc7 Nd4+ 18. Bxd4 Rxd4 19. Ne6 Re4+ 20. Kf3 Nc6 21. g3 1-0

[Event "EU-ch U12"]
[Site "Albena"]
[Date "2011.09.11"]
[Round "1"]
[White "Triapishko, Alexandr"]
[Black "Hernandez Mateo, Borja"]
[Result "1-0"]
[WhiteElo "2046"]
[BlackElo "1746"]
[PlyCount "44"]
[EventDate "2011.09.11"]
[EventType "swiss"]
[EventRounds "9"]
[EventCountry "BUL"]
[SourceTitle "CBM 144 Extra"]
[Source "ChessBase"]
[SourceDate "2011.10.28"]
[SourceVersion "1"]
[SourceVersionDate "2011.10.28"]
[SourceQuality "1"]

1. d4 f5 2. c4 g6 3. h4 e6 4. Nc3 Bg7 5. e4 d6 6. Nf3 Nc6 7. h5 Nge7 8. d5 Ne5 9. Nd4 exd5 10. exd5 c5 11. Ne6 Bxe6 12. dxe6 N7c6 13. Nd5 Ng4 14. Be2 Bd4 15. Bxg4 fxg4 16. Qxg4 Rf8 17. f3 Ne5 18. Qe4 Nxc4 19. e7 Qa5+ 20. Kf1 Rf5 21. Qe6 Nd2+ 22. Bxd2 Qxd2 1-0

[Event "Madrid Villaverde op 14th"]
[Site "Madrid"]
[Date "2011.04.07"]
[Round "4"]
[White "Hernandez Mateo, Borja"]
[Black "Camarero Izquierdo, Juan Carlos"]
[Result "0-1"]
[WhiteElo "1685"]
[BlackElo "1926"]
[PlyCount "58"]
[EventDate "2011.04.04"]
[EventType "swiss"]
[EventRounds "8"]
[EventCountry "ESP"]
[SourceTitle "EXT 2012"]
[Source "ChessBase"]
[SourceDate "2011.11.24"]
[SourceVersion "1"]
[SourceVersionDate "2011.11.24"]
[SourceQuality "1"]

1. e4 c5 2. Nf3 d6 3. d4 cxd4 4. Nxd4 Nf6 5. Nc3 g6 6. Be3 Bg7 7. f3 0-0 8. Qd2 Nc6 9. h4 h5 10. 0-0-0 a5 11. Nxc6 bxc6 12. e5 Nd5 13. Nxd5 cxd5 14. Qxd5 Be6 15. Qd2 Bxe5 16. Bd4 Bxd4 17. Qxd4 a4 18. Bc4 Bxc4 19. Qxc4 a3 20. b3 Rc8 21. Qd3 Qa5 22. Rhe1 Rc3 23. Qd5 Qc7 24. Rd2 e6 25. Qg5 Rc8 26. Ree2 Rxb3 27. Rxe6 Rc3 28. Ree2 Qb6 29. Re3 Rxe3 0-1

[Event "Madrid Oliver Gonzalez Memorial 1st"]
[Site "Madrid"]
[Date "2010.10.14"]
[Round "6"]
[White "Hernandez Mateo, Borja"]
[Black "Garcia Serrano, Jose Manuel1"]
[Result "0-1"]
[WhiteElo "1617"]
[BlackElo "1926"]
[PlyCount "42"]
[EventDate "2010.10.09"]
[EventType "swiss"]
[EventRounds "9"]
[EventCountry "ESP"]
[SourceTitle "CBM 138 Extra"]
[Source "ChessBase"]
[SourceDate "2010.10.29"]
[SourceVersion "1"]
[SourceVersionDate "2010.10.29"]
[SourceQuality "1"]

1. e4 e5 2. Nf3 Nc6 3. Bb5 a6 4. Bxc6 dxc6 5. 0-0 Bg4 6. h3 h5 7. Nc3 Qf6 8. d3 Bd6 9. Be3 Ne7 10. Nb1 g5 11. Nbd2 Qg7 12. Qe1 Bxf3 13. Nxf3 g4 14. Nh4 0-0-0 15. hxg4 hxg4 16. g3 Ng6 17. Nf5 Qh7 18. Nh6 Nf4 19. Bxf4 exf4 20. Kg2 f3+ 21. Kg1 Qxh6 0-1

[Event "Parla op 25th"]
[Site "Parla"]
[Date "2010.09.10"]
[Round "7"]
[White "Hernandez Mateo, Borja"]
[Black "Camarero Izquierdo, Juan Carlos"]
[Result "1/2-1/2"]
[WhiteElo "1575"]
[BlackElo "1939"]
[PlyCount "97"]
[EventDate "2010.09.04"]
[EventType "swiss"]
[EventRounds "9"]
[EventCountry "ESP"]
[SourceTitle "CBM 138 Extra"]
[Source "ChessBase"]
[SourceDate "2010.10.29"]
[SourceVersion "1"]
[SourceVersionDate "2010.10.29"]
[SourceQuality "1"]

1. e4 c5 2. c3 Nf6 3. e5 Nd5 4. d4 e6 5. Nf3 d6 6. Be3 Nc6 7. Be2 dxe5 8. Nxe5 Nxe5 9. dxe5 Qc7 10. Bb5+ Bd7 11. Bxd7+ Qxd7 12. c4 Nxe3 13. Qxd7+ Kxd7 14. fxe3 g5 15. 0-0 Ke7 16. Nd2 Bg7 17. Ne4 h6 18. Nxc5 Bxe5 19. Rad1 Rad8 20. Rxd8 Rxd8 21. Nxb7 Rd2 22. b4 Rxa2 23. c5 Rb2 24. Na5 Bc3 25. Nc6+ Ke8 26. Rd1 Rd2 27. Rxd2 Bxd2 28. Kf2 Kd7 29. Ne5+ Kc7 30. b5 f6 31. Nd3 f5 32. Ke2 Bc3 33. Kd1 Bf6 34. Kc2 e5 35. Nb4 Bg7 36. Nd5+ Kd8 37. Kb3 e4 38. g3 h5 39. Ka4 Be5 40. Ka5 h4 41. Ka6 h3 42. Kxa7 Bxg3 43. hxg3 h2 44. b6 h1Q 45. b7 Qa1+ 46. Kb6 Qb2+ 47. Ka7 Qa1+ 48. Kb6 Qb2+ 49. Ka7 1/2-1/2

[Event "ESP-ch U12"]
[Site "Linares"]
[Date "2010.07.06"]
[Round "2"]
[White "Hernandez Mateo, Borja"]
[Black "Aguila Hernandez, Eduardo"]
[Result "0-1"]
[WhiteElo "1575"]
[BlackElo "1734"]
[PlyCount "114"]
[EventDate "2010.07.06"]
[EventType "swiss"]
[EventRounds "9"]
[EventCountry "ESP"]
[SourceTitle "CBM 137 Extra"]
[Source "ChessBase"]
[SourceDate "2010.09.01"]
[SourceVersion "1"]
[SourceVersionDate "2010.09.01"]
[SourceQuality "1"]

1. e4 e5 2. Nf3 Nc6 3. Bb5 a6 4. Ba4 Nf6 5. 0-0 b5 6. Bb3 Be7 7. c3 d6 8. d4 exd4 9. cxd4 Bg4 10. Be3 Na5 11. Bc2 Nc4 12. Bc1 0-0 13. b3 Nb6 14. Nbd2 Rc8 15. Bb2 c5 16. d5 Nfd7 17. h3 Bh5 18. Qe2 Bf6 19. Bxf6 Qxf6 20. Qe3 Rfe8 21. Qg5 Bg6 22. Qxf6 gxf6 23. Nh4 h5 24. Nxg6 fxg6 25. f4 Kg7 26. g4 hxg4 27. hxg4 c4 28. Rac1 c3 29. Nf3 b4 30. Nd4 Nb8 31. Rf2 Rh8 32. Ne6+ Kf7 33. g5 N6d7 34. e5 dxe5 35. fxe5 f5 36. Re1 Nc5 37. Nf4 Rhg8 38. d6 Ne6 39. Nd5 Rgd8 40. Nxb4 Nxg5 41. Bd3 Nh3+ 42. Kg2 Nxf2 43. Kxf2 Ke6 44. Bc4+ Rxc4 45. bxc4 Rc8 46. Nd5 Rxc4 47. Nc7+ Kd7 48. Rd1 c2 49. e6+ Kc6 50. Rc1 Kxd6 51. e7 Kxe7 52. Nd5+ Kd6 53. Ne3 Rc3 54. Rxc2 Rxc2+ 55. Nxc2 Nc6 56. Kg3 Kc5 57. Kf4 Nb4 0-1

[Event "Collado Villalba op-B 26th"]
[Site "Collado Villalba"]
[Date "2009.08.23"]
[Round "3"]
[White "Fernandez Garcia, Javier"]
[Black "Hernandez Mateo, Borja"]
[Result "1-0"]
[WhiteElo "1923"]
[BlackElo "1564"]
[PlyCount "55"]
[EventDate "2009.08.21"]
[EventType "swiss"]
[EventRounds "9"]
[EventCountry "ESP"]
[SourceTitle "EXT 2011"]
[Source "ChessBase"]
[SourceDate "2010.11.26"]
[SourceVersion "1"]
[SourceVersionDate "2010.11.26"]
[SourceQuality "1"]

1. d4 f5 2. Bg5 Nf6 3. Bxf6 exf6 4. e3 d5 5. c4 c6 6. Nc3 Be6 7. Qb3 Qb6 8. Qxb6 axb6 9. cxd5 cxd5 10. Bb5+ Nc6 11. Nge2 Bb4 12. 0-0 0-0 13. Nf4 Bxc3 14. Nxe6 Bxb2 15. Rab1 Bc3 16. Nxf8 Kxf8 17. Bxc6 bxc6 18. Rxb6 Rxa2 19. Rxc6 Bb4 20. Rb1 Be7 21. g3 Ra7 22. Rb5 Rd7 23. Rc8+ Kf7 24. Kg2 Kg6 25. Rcb8 Kh5 26. R8b7 Rxb7 27. Rxb7 Bf8 28. Rd7 1-0